Kulturális identitás a vallás szerepe Európában = Cultural identity : the Role of Religion in Europe : a Szegeden, 2013. április 25.-én azonos címmel rendezett konferencia előadásai

Elmentve itt :
Bibliográfiai részletek
További közreműködők: Kardos Lili
Sulyok Márton
Dokumentumtípus: Könyv
Megjelent: Szegedi Tudományegyetem Állam- és Jogtudományi Kar Nemzetközi és Regionális Tanulmányok Intézete Szeged 2013
Sorozat:Nemzetközi és regionális tanulmányok 8
Kulcsszavak:Vallásszociológia - tanulmányok
Tárgyszavak:
Online Access:http://acta.bibl.u-szeged.hu/63635
LEADER 01050nam a2200241 i 4500
001 acta63635
005 20230308143347.0
008 191112s2013 hu o 0|| hun d
020 |a 978-963-306-243-2 
022 |a 2064-4639 
040 |a SZTE Egyetemi Kiadványok Repozitórium  |b hun 
041 |a hun 
041 |a eng 
245 0 0 |a Kulturális identitás   |h [elektronikus dokumentum] :  |b a vallás szerepe Európában = Cultural identity : the Role of Religion in Europe : a Szegeden, 2013. április 25.-én azonos címmel rendezett konferencia előadásai 
260 |a Szegedi Tudományegyetem Állam- és Jogtudományi Kar Nemzetközi és Regionális Tanulmányok Intézete  |b Szeged  |c 2013 
300 |a 94  |c 21 cm 
490 0 |a Nemzetközi és regionális tanulmányok  |v 8 
650 4 |a Társadalomtudományok 
650 4 |a Szociológia 
695 |a Vallásszociológia - tanulmányok 
700 0 1 |a Kardos Lili 
700 0 1 |a Sulyok Márton 
856 4 0 |u http://acta.bibl.u-szeged.hu/63635/1/nemzetkozi_es_regionalis_tanulmanyok_008.pdf  |z Dokumentum-elérés